| 000 | 01123nac a22003257a 4500 | ||
|---|---|---|---|
| 001 | BR8905219 | ||
| 003 | BR-BrBNA | ||
| 005 | 20240105121018.0 | ||
| 008 | 230509b bl.|||m| |||| 00| 0 por d | ||
| 040 |
_aBR-BrBNA _bpor _cBiblioteca Nacional de Agricultura |
||
| 072 | _aQ53; L73; Q55 | ||
| 090 | _a5215 BR8905219 | ||
| 100 | 1 | _aArruda, M.V.M. de | |
| 100 | 1 | _aCosta, J.B.D. da | |
| 100 | 1 | _aWolf, G. | |
| 100 | 1 | _aCampos, J.L.E. de | |
| 100 | 1 | _aSousa, J.C. de | |
| 110 | 1 |
_aEmpresa de Pesquisa Agropecuaria do Estado de Mato Grosso, Cuiaba (Brasil) _94114 |
|
| 245 | 1 | _aEfeitos do oxalato de potassio e altos niveis de fosforo, magnesio e vitamina "A" na intoxicacao de bovinos por Solanum malacoxylon | |
| 260 | 3 |
_aCuiaba, MT (Brasil): _c1984. |
|
| 300 | _a22 p. | ||
| 490 |
_aBoletim de Pesquisa - Empresa de Pesquisa Agropecuaria do Estado de Mato Grosso S.A. (Brazil) _vno. 1 _xISSN 0102-213X |
||
| 500 | _a15 ref. | ||
| 650 | _aBOVINO | ||
| 650 | _aSOLANACEA | ||
| 650 | _aTOXIDEZ | ||
| 650 | _aSUPLEMENTO MINERAL | ||
| 909 |
_a202312 _bLúcia Elande _c55 _dLúcia Elande |
||
| 942 |
_2AGRIS _n0 _cMS |
||
| 999 |
_c282768 _d282768 |
||